Word 97 annoyances
Αποθηκεύτηκε σε:
| Κύριος συγγραφέας: | |
|---|---|
| Άλλοι συγγραφείς: | , |
| Μορφή: | Βιβλίο |
| Γλώσσα: | English |
| Δημοσίευση: |
Cambridge ; Koln :
O' Reilly,
1997
|
| Σειρά: | Nutshell handbook
|
| Θέματα: | |
| Ετικέτες: |
Προσθήκη ετικέτας
Δεν υπάρχουν, Καταχωρήστε ετικέτα πρώτοι!
|
MARC
| LEADER | 00000nam a2200000 i 4500 | ||
|---|---|---|---|
| 001 | 1/98119 | ||
| 008 | 000118s1997 eng d | ||
| 020 | |a 1565923081 | ||
| 035 | |l 10056395 | ||
| 040 | |a GR-MY-UA |b gre |e aacr | ||
| 041 | 0 | |a eng | |
| 082 | 0 | |a 652.55369 | |
| 100 | 1 | |a Leonhard, Woody. | |
| 245 | 1 | 0 | |a Word 97 annoyances / |c Woody Leonhard, Lee Hudspeth and T.J. Lee |
| 260 | |a Cambridge ; Koln : |b O' Reilly, |c 1997 | ||
| 300 | |a xv, 338 p.; |b ill.; |c 23 cm. | ||
| 490 | 1 | |a Nutshell handbook | |
| 504 | |a Includes bibliographical references and index | ||
| 630 | 0 | 0 | |a Microsoft Word. |
| 650 | 0 | 0 | |a Word processing. |
| 700 | 1 | |a Hudspeth, Lee. | |
| 700 | 1 | |a Lee, Timothy-James. | |
| 830 | 0 | |a Nutshell handbook | |
| 852 | |a INST |b SAMOS |e 20000118 |h 652.55369 LEO |p 005300016030 |q 005300016030 |t BK |y 0 | ||
| 901 | |a BIBL3-2000-1 | ||
| 909 | |a Σ |b 071258 | ||
| 922 | |a 3ΕΛΗ |b 199912 |c ΤΠΕΣ |d ΠΑΠΑΣΩΤΗΡΙΟΥ | ||
| 970 | |a ΓΕΝΟΥΖΟΥ |b ΧΡΥΣΑΝΘΗ |z 2000/01/18 | ||